[Event "FRA-ch U14 Girls"]
[Site "Aix les Bains"]
[Date "2009.04.22"]
[Round "5"]
[White "Afraoui, Solenn"]
[Black "Pivard, Elsa"]
[Result "1/2-1/2"]
[WhiteElo "1840"]
[BlackElo "1710"]
[PlyCount "71"]
[EventDate "2009.04.19"]
[EventType "swiss"]
[EventRounds "9"]
[EventCountry "FRA"]
[SourceTitle "CBM 130 Extra"]
[Source "ChessBase"]
[SourceDate "2009.07.02"]
[SourceVersion "2"]
[SourceVersionDate "2009.07.15"]
[SourceQuality "1"]

1. Nf3 Nc6 2. d4 e6 3. g3 d5 4. Bg2 Nf6 5. 0-0 Be7 6. Nbd2 0-0 7. e3 Na5 8. a3 b6 9. b4 Nb7 10. c4 c5 11. Ne5 cxb4 12. axb4 Bxb4 13. Nc6 Qd6 14. Nxb4 Qxb4 15. Ba3 Qc3 16. Bxf8 Kxf8 17. Qc1 Qxc1 18. Rfxc1 Bd7 19. cxd5 exd5 20. Rc7 Bc8 21. Nf3 Ne8 22. Rc3 Nbd6 23. Ne5 Bb7 24. Rca3 Nb5 25. Rb3 Ned6 26. Bf1 Nc7 27. Rb2 f6 28. Nf3 Ke7 29. Nd2 b5 30. Rc1 Kd7 31. Nb3 a6 32. Na5 Rb8 33. Rcb1 Ne6 34. Rb4 Nd8 35. Bh3+ Kc7 36. Rc1+ 1/2-1/2

[Event "FRA-ch U14 Girls"]
[Site "Aix les Bains"]
[Date "2009.04.20"]
[Round "3"]
[White "Langlais, Victoire"]
[Black "Pivard, Elsa"]
[Result "0-1"]
[WhiteElo "1510"]
[BlackElo "1710"]
[PlyCount "102"]
[EventDate "2009.04.19"]
[EventType "swiss"]
[EventRounds "9"]
[EventCountry "FRA"]
[SourceTitle "CBM 130 Extra"]
[Source "ChessBase"]
[SourceDate "2009.07.02"]
[SourceVersion "2"]
[SourceVersionDate "2009.07.15"]
[SourceQuality "1"]

1. e4 c6 2. d4 d5 3. Nc3 dxe4 4. Nxe4 Bf5 5. f3 e6 6. g4 Bxe4 7. fxe4 Qh4+ 8. Kd2 Nf6 9. Qe2 Qxg4 10. Qxg4 Nxg4 11. Ke1 Nf6 12. Bd3 c5 13. Be3 Ng4 14. Bf2 Nxf2 15. Kxf2 cxd4 16. Nf3 a6 17. Rac1 Nc6 18. c3 dxc3 19. Rxc3 Bb4 20. Rb3 0-0 21. a3 Bc5+ 22. Ke2 b5 23. Rc1 Nd4+ 24. Nxd4 Bxd4 25. Rb4 e5 26. Rc2 Rac8 27. Rxc8 Rxc8 28. Rb3 h6 29. Kd1 Rc6 30. Be2 Rf6 31. Kd2 Rf2 32. h3 Rh2 33. Kd1 Kh7 34. Bxb5 axb5 35. Rxb5 Rxb2 36. a4 Rxb5 37. axb5 Kg6 38. Kd2 f5 39. exf5+ Kxf5 40. Kd3 g5 41. Ke2 g4 42. hxg4+ Kxg4 43. Kf1 h5 44. Kg2 h4 45. Kh2 e4 46. Kg2 h3+ 47. Kh1 e3 48. Kh2 e2 49. b6 Bxb6 50. Kh1 e1Q+ 51. Kh2 Qg1# 0-1

[Event "FRA-ch U12 Girls"]
[Site "Le Grand Bornand"]
[Date "2007.04.??"]
[Round "7"]
[White "Navrotescu, Andreea Cristiana"]
[Black "Pivard, Elsa"]
[Result "1-0"]
[WhiteElo "1670"]
[BlackElo "1460"]
[PlyCount "61"]
[EventDate "2007.04.07"]
[EventType "swiss"]
[EventRounds "9"]
[EventCountry "FRA"]
[SourceTitle "CBM 118 Extra"]
[Source "ChessBase"]
[SourceDate "2007.07.04"]
[SourceVersion "1"]
[SourceVersionDate "2007.07.04"]
[SourceQuality "1"]

1. d4 d5 2. c4 e6 3. Nc3 Nf6 4. Bg5 Be7 5. cxd5 exd5 6. e3 Bf5 7. Bxf6 Bxf6 8. Qb3 c6 9. Qxb7 Nd7 10. Qxc6 0-0 11. Nf3 Nb6 12. Qb5 Re8 13. Qb3 Bg4 14. Be2 Qd6 15. 0-0 Rac8 16. Nb5 Qd7 17. Nc3 Qd6 18. Nd2 Bf5 19. Bf3 Be6 20. a4 Nc4 21. Nxc4 dxc4 22. Qc2 g6 23. Ne4 Qe7 24. Nxf6+ Qxf6 25. Qe2 Rc7 26. Rac1 Rec8 27. Rc3 Qe7 28. Rfc1 Qe8 29. d5 Bd7 30. Rxc4 Bxa4 31. Rxc7 1-0

[Event "FRA-ch U12 Girls"]
[Site "Le Grand Bornand"]
[Date "2007.04.??"]
[Round "6"]
[White "Pivard, Elsa"]
[Black "Lample, Judith"]
[Result "1-0"]
[WhiteElo "1460"]
[BlackElo "1560"]
[PlyCount "93"]
[EventDate "2007.04.07"]
[EventType "swiss"]
[EventRounds "9"]
[EventCountry "FRA"]
[SourceTitle "CBM 118 Extra"]
[Source "ChessBase"]
[SourceDate "2007.07.04"]
[SourceVersion "1"]
[SourceVersionDate "2007.07.04"]
[SourceQuality "1"]

1. e4 d5 2. exd5 Qxd5 3. Nc3 Qa5 4. d4 Nf6 5. Nf3 Bf5 6. Bd3 Bg6 7. Ne5 e6 8. 0-0 c6 9. Ne2 Bd6 10. Bd2 Qc7 11. Bf4 Nbd7 12. Nxd7 Nxd7 13. Bxd6 Qxd6 14. c3 0-0-0 15. Ng3 Nf6 16. Re1 Rde8 17. Ne4 Nxe4 18. Bxe4 Rd8 19. Bf3 h5 20. a4 Bf5 21. b4 Bg4 22. h3 Bxf3 23. Qxf3 f5 24. Re5 g5 25. Qe3 f4 26. Qe2 Rh6 27. Rxg5 Rf8 28. Qe5 Qxe5 29. Rxe5 f3 30. g3 h4 31. g4 Kd7 32. b5 Rc8 33. Rc5 Kd6 34. Re1 Rhh8 35. bxc6 b6 36. Rce5 Rhe8 37. R1e3 Rxc6 38. Rxf3 Rc4 39. g5 Rxa4 40. g6 Rg8 41. Rg5 Ke7 42. g7 Ra1+ 43. Kg2 a5 44. Rf4 a4 45. Rxh4 Kf6 46. Rb5 Rxg7+ 47. Rg4 1-0

[Event "FRA-ch U12 Girls"]
[Site "Le Grand Bornand"]
[Date "2007.04.??"]
[Round "9"]
[White "Savalle, Mathilde"]
[Black "Pivard, Elsa"]
[Result "1/2-1/2"]
[WhiteElo "1580"]
[BlackElo "1460"]
[PlyCount "136"]
[EventDate "2007.04.07"]
[EventType "swiss"]
[EventRounds "9"]
[EventCountry "FRA"]
[SourceTitle "CBM 118 Extra"]
[Source "ChessBase"]
[SourceDate "2007.07.04"]
[SourceVersion "1"]
[SourceVersionDate "2007.07.04"]
[SourceQuality "1"]

1. e4 c6 2. d4 d5 3. Nc3 dxe4 4. Nxe4 Bf5 5. Ng3 Bg6 6. h4 h6 7. Nf3 Nf6 8. c3 e6 9. Bd3 Bxd3 10. Qxd3 Bd6 11. Nd2 Nbd7 12. Nc4 Qc7 13. Nxd6+ Qxd6 14. 0-0 0-0 15. Bd2 Nb6 16. c4 c5 17. Bc3 cxd4 18. Qxd4 Qxd4 19. Bxd4 Nxc4 20. b3 Nb6 21. Bxf6 gxf6 22. Ne4 Nd5 23. Rad1 Kg7 24. Rd3 Rac8 25. Rg3+ Kh7 26. Nd6 Rc7 27. Nb5 Rc5 28. Nd6 Rc7 29. Re1 Rg8 30. Rf3 f5 31. Nc4 Kg6 32. Ne5+ Kf6 33. g4 Nc3 34. a3 Nd5 35. Kf1 Rc3 36. Rxc3 Nxc3 37. gxf5 exf5 38. Nd7+ Kg6 39. Rc1 Nd5 40. Ke2 Kh5 41. Rc5 Kxh4 42. Rxd5 Kg5 43. Rd1 Re8+ 44. Kf3 h5 45. Rg1+ Kh6 46. Kf4 Re2 47. Kxf5 Rxf2+ 48. Ke4 h4 49. Ke3 Rf5 50. Rh1 Kg5 51. Rg1+ Kh6 52. Ke4 Rf2 53. Ke3 Rf5 54. Ke2 Kh5 55. Rf1 Rxf1 56. Kxf1 Kg4 57. Ne5+ Kg3 58. Nxf7 Kf3 59. Nd6 Ke3 60. Nxb7 Kd3 61. b4 Kc4 62. Nd6+ Kb3 63. Nb5 a6 64. Nc7 Kxa3 65. Nxa6 Ka4 66. Kg2 Kb5 67. Kh3 Kxa6 68. Kxh4 Kb5 1/2-1/2

[Event "FRA-ch U12 Girls"]
[Site "Aix les Bains"]
[Date "2006.??.??"]
[Round "3"]
[White "Pivard, Elsa"]
[Black "Aggoune, Audessa"]
[Result "0-1"]
[WhiteElo "1370"]
[BlackElo "1610"]
[PlyCount "118"]
[EventDate "2006.04.16"]
[EventType "swiss"]
[EventRounds "9"]
[EventCountry "FRA"]
[SourceTitle "EXT 2007"]
[Source "ChessBase"]
[SourceDate "2006.11.23"]
[SourceVersion "1"]
[SourceVersionDate "2006.11.23"]
[SourceQuality "1"]

1. e4 d5 2. exd5 Qxd5 3. Nc3 Qa5 4. Bc4 Nf6 5. d4 c6 6. Nf3 Bg4 7. Qd3 e6 8. 0-0 Bd6 9. Re1 Qh5 10. Ne5 Nbd7 11. Bf4 Rd8 12. Ne4 Bc7 13. Ng3 Qh4 14. Nxg4 Bxf4 15. Nxf6+ Nxf6 16. c3 0-0 17. Bb3 c5 18. Bc2 cxd4 19. Nf1 dxc3 20. Qxc3 Bd6 21. Rad1 Bb4 22. Qf3 Bxe1 23. Rxe1 Rd5 24. Ne3 Re5 25. Rd1 Rh5 26. h3 b6 27. Bb3 Qe4 28. Qg3 Qe5 29. Qxe5 Rxe5 30. Rd4 Re4 31. Rd2 Rc8 32. Bc2 Re5 33. Nc4 Rec5 34. b3 g6 35. Bd1 Rd5 36. Rxd5 Nxd5 37. Bf3 b5 38. Nd6 Rc1+ 39. Kh2 Rc2 40. Nxb5 Rxa2 41. Kg3 a6 42. Nd6 Rb2 43. Bd1 Nc3 44. Bf3 Rxb3 45. Nc4 Rb4 46. Na5 Rb5 47. Nc4 a5 48. Bc6 Rc5 49. Nxa5 Rxa5 50. Be8 f5 51. Bd7 e5 52. Be6+ Kg7 53. f3 Kf6 54. Bg8 h5 55. Bc4 e4 56. fxe4 Nxe4+ 57. Kf4 g5+ 58. Kf3 Nd2+ 59. Kg3 Nxc4 0-1

[Event "FRA-ch opB U18"]
[Site "Calvi"]
[Date "2005.04.??"]
[Round "5"]
[White "Robinson, Sean"]
[Black "Pivard, Elsa"]
[Result "0-1"]
[WhiteElo "1200"]
[BlackElo "1360"]
[PlyCount "52"]
[EventDate "2005.04.??"]
[EventType "swiss"]
[EventRounds "9"]
[EventCountry "FRA"]
[SourceTitle "EXT 2006"]
[Source "ChessBase"]
[SourceDate "2005.11.24"]
[SourceVersion "1"]
[SourceVersionDate "2005.11.24"]
[SourceQuality "1"]

1. e4 c6 2. Nf3 d5 3. Nc3 Bg4 4. Be2 e6 5. 0-0 c5 6. d4 dxe4 7. Nxe4 Bxf3 8. Bxf3 cxd4 9. Nf6+ Nxf6 10. Bxb7 Nbd7 11. Bxa8 Qxa8 12. Qxd4 Bc5 13. Qd3 0-0 14. Bg5 Qb8 15. Bxf6 Nxf6 16. b3 Rd8 17. Qc4 Qe5 18. Rae1 Qh5 19. b4 Bd6 20. g3 Ng4 21. h4 Ne5 22. Qd4 Nf3+ 23. Kg2 Nxd4 24. Rd1 Qf3+ 25. Kg1 Ne2+ 26. Kh2 Bxg3+ 0-1